000 00617nam a2200217Ii 4500
003 JO-AjNU
008 230606s9999||||xx |||||||||||||| ||und||
020 _a0-333-51104-2/0-333-51105-0
040 _aJO-AjNU
_beng
_erda
_cJO-AjNU
041 _aeng
050 1 4 _aHC256.5.U46.1990
100 3 _aedited by Peter Curwen,
_eauthor
_93042
245 0 0 _aUnderstanding the UK Economy
250 _a1 ed
264 3 1 _aLondonĀ :MACMILLAN EDUCATION LTD,1990
300 _a359p
336 _atext
_btxt
_2rdacontent
337 _aunmediated
_bn
_2rdamedia
338 _avolume
_bnc
_2rdacarrier
650 4 _aEconomy
_93043
999 _aE1596
_c1596
_d1596